Comentarios a los profetas menores. (Record no. 17537)

MARC details
000 -LEADER
campo de control de longitud fija 01085nam a2200289 i 4500
001 - NÚMERO DE CONTROL
campo de control 17537
003 - IDENTIFICADOR DE NÚMERO DE CONTROL
campo de control ES-MaACL
005 - FECHA Y HORA DE LA ÚLTIMA TRANSACCIÓN
campo de control 20250821063015.0
007 - CAMPO FIJO DE DESCRIPCIÓN FÍSICA--INFORMACIÓN GENERAL
campo de control de longitud fija t|
008 - DATOS DE LONGITUD FIJA--INFORMACIÓN GENERAL
campo de control de longitud fija 010402s2000 sp ||||1| spa d
020 ## - NÚMERO INTERNACIONAL ESTÁNDAR DEL LIBRO
Número Internacional Estándar del Libro 84-7914-491-2
080 ## - NÚMERO DE LA CLASIFICACIÓN DECIMAL UNIVERSAL
Número de la Clasificación Decimal Universal 224.6/.99.07
100 0# - ENTRADA PRINCIPAL--NOMBRE DE PERSONA
Nombre de persona Jerónimo,
Títulos y otros términos asociados al nombre Santo
9 (RLIN) 66343
245 10 - MENCIÓN DEL TÍTULO
Título Comentarios a los profetas menores.
Número de parte o sección de la obra IIIa /
Mención de responsabilidad, etc. San Jerónimo ; introducción, traducción y notas Avelino Domínguez García.
250 ## - MENCION DE EDICION
Mención de edición Ed. bilingüe.
260 ## - PUBLICACIÓN, DISTRIBUCIÓN, ETC.
Lugar de publicación, distribución, etc. Madrid :
Nombre del editor, distribuidor, etc. Biblioteca de Autores Cristianos,
Fecha de publicación, distribución, etc. 2000.
300 ## - DESCRIPCIÓN FÍSICA
Extensión XXIV, 949 p. ;
Dimensiones 20 cm.
490 1# - MENCIÓN DE SERIE
Mención de serie Obras completas de San Jerónimo ;
Designación de volumen o secuencia 3a
490 1# - MENCIÓN DE SERIE
Mención de serie Biblioteca de autores cristianos ;
Designación de volumen o secuencia 606
500 ## - NOTA GENERAL
Nota general Texto en latín y traducción en castellano.
630 07 - PUNTO DE ACCESO ADICIONAL DE MATERIA--TÍTULO UNIFORME
Título uniforme Biblia.
Nombre de parte o sección de la obra A.T.-
Subdivisión general Profetas menores-
Subdivisión de forma Comentarios.
9 (RLIN) 119252
700 1# - ENTRADA AGREGADA--NOMBRE PERSONAL
Nombre de persona Domínguez García, Avelino.
9 (RLIN) 45210
830 0# - PUNTO DE ACCESO ADICIONAL DE SERIE-TÍTULO UNIFORME
Título uniforme Obras completas de San Jerónimo ;
Designación de volumen o secuencia 3a
9 (RLIN) 183043
830 00 - PUNTO DE ACCESO ADICIONAL DE SERIE-TÍTULO UNIFORME
Título uniforme Biblioteca de autores cristianos
Designación de volumen o secuencia 606
9 (RLIN) 178679
852 ## - LOCALIZACIÓN
Ubicación ES-MaACL
Número de control de estantería J-593
Sublocalización o colección R.129977
Holdings
Estatus retirado Estado de pérdida Estado de daño No para préstamo Biblioteca de origen Biblioteca actual Ubicación en estantería Fecha de adquisición Fuente de adquisición Total de préstamos Signatura topográfica completa Código de barras Visto por última vez Precio de reemplazo Tipo de ítem Koha
        Biblioteca del Ateneo de Madrid Biblioteca del Ateneo de Madrid Depósito 2 17/01/2008     J-593 1017891 23/02/2023 23/02/2023 Libro impreso